Hablar en público (Registro nro. 10332)

Detalles MARC
000 -Cabecera
Campo de control de longitud fija 00803nam a22003017a 4500
005 - Fecha y hora de la última transacción
Campo de control 20250910115458.0
008 - Elementos de longitud fija--Información general
Campo de control de longitud fija 180125b2002 xxu||||| |||| 00| 0 spa d
020 ## - International Standard Book Number
Número Internacional Estándar del Libro (ISBN) 84823833710
041 ## - Idioma
Código de idioma Español
082 ## - Clasificación Decimal Dewey
Número de clasificación 808.51 G216h
100 ## - Entrada principal--Autor personal
Nombre personal Garcia Maestro, Gregorio
9 (RLIN) 45530
245 ## - Título propiamente dicho
Título Hablar en público
260 ## - Pie de imprenta
Lugar de publicación, distribución, etc. España
260 ## - Pie de imprenta
Nombre del editor, distribuidor, etc. Libsa
260 ## - Pie de imprenta
Fecha de publicación, distribución, etc. 2001
300 ## - Descripción física
Extensión 159 páginas
490 ## - Serie
Título de la Serie Temática General
650 ## - Materia general
Temática (materia general) HABLAR EN PÚBLICO
650 ## - Materia general
Temática (materia general) HABLAR BIEN
650 ## - Materia general
Temática (materia general) DONDE DIRIGIR LA MIRADA
650 ## - Materia general
Temática (materia general) SABER ESCUCHAR
650 ## - Materia general
Temática (materia general) LENGUAJE DE LA COMUNICACIÓN
650 ## - Materia general
Temática (materia general) LOS GESTOS
650 ## - Materia general
Temática (materia general) COMUNICACIÓN ORAL
650 ## - Materia general
Temática (materia general) CONDUCTAS A EVITAR EN UNA ENTREVISTA
650 ## - Materia general
Temática (materia general) COMUNICACIÓN COMO HERRAMIENTA DE TRABAJO
942 ## - Punto de acceso adicional KOHA
Tipo de ítem KOHA Libro
Fuente del sistema de clasificación o colocación Dewey Decimal Classification
Existencias
Signatura completa Código de barras Programa Académico Tipo de ítem
808.51 G216h 7791 Temática General Libro